| 000 | 00723nam a2200229Ia 4500 | ||
|---|---|---|---|
| 005 | 20241129104120.0 | ||
| 008 | 241129s9999||||xx |||||||||||||| ||und|| | ||
| 020 | _a9789811588518 | ||
| 037 | _aTextual | ||
| 040 |
_aRTL _beng _cRTL |
||
| 041 |
_aeng _2eng |
||
| 084 |
_aU287 R1 _qRTL |
||
| 100 |
_aPulhin Juan M. _9724837 |
||
| 245 | 0 |
_aClimate change disaster risks and human security: Asian experience and perspectives _cPulhin Juan M. |
|
| 260 |
_aSingapore _bSpringer _c2021 |
||
| 300 | _axxvii,450p. | ||
| 365 |
_aINR _b10831.49 |
||
| 490 | _aDisaster Risk Reduction: Methods approaches and practices. | ||
| 650 | _aEnvironmental Studies | ||
| 942 |
_cTB _hU287 R1 |
||
| 999 |
_c1224484 _d1224484 |
||